000 00635nam a2200193Ii 4500
003 JO-AjNU
008 230605s9999||||xx |||||||||||||| ||und||
040 _aJO-AjNU
_bara
_erda
_cJO-AjNU
041 _aara
050 1 4 _aQH440.7.G3712 1985
100 3 _aجاردنر,
_eauthor
_935597
245 0 0 _aالتدريبات الوراثيه المعمليه
264 3 1 _aالقاهرة:الدار العربيه ، 1985
300 _a266ص
336 _atext
_btxt
_2rdacontent
337 _aunmediated
_bn
_2rdamedia
338 _avolume
_bnc
_2rdacarrier
650 4 _aالهندسة الوراثية-الوراثة-تجارب
_935598
999 _aA14712
_c18280
_d18280